000 00318nam a2200097Ia 4500
008 220214s9999 xx 000 0 und d
245 0 _aRubber and its applications in the building industry. Revised Edition
260 _bLeaflet issued by The British Rubber Development Board, London
_c1949
300 _a14p
942 _cRE
999 _c46152
_d46152